[Event "Sinquefield Cup 2nd"]
[Site "Saint Louis"]
[Date "2014.09.05"]
[Round "9"]
[White "Carlsen, Magnus"]
[Black "Aronian, Levon"]
[Result "1/2-1/2"]
[WhiteElo "2877"]
[BlackElo "2805"]
[Annotator "Krasenkow,Michal"]
[PlyCount "168"]
[EventDate "2014.08.27"]
[EventType "tourn"]
[EventRounds "10"]
[EventCountry "USA"]
[EventCategory "23"]
[SourceTitle "CBM 162"]
[Source "ChessBase"]
[SourceDate "2014.09.17"]
[SourceVersion "1"]
[SourceVersionDate "2014.09.17"]
[SourceQuality "1"]

1. d4 Nf6 2. c4 e6 3. Nf3 d5 4. Nc3 Be7 5. Bg5 h6 6. Bh4 O-O 7. e3 Ne4 8. Bxe7 Qxe7 9. Rc1 c6 10. Qc2 Nxc3 11. Qxc3 Nd7 12. Be2 (12. Bd3 dxc4 13. Bxc4 {is more common but White wants to recapture with his queen.}) 12... dxc4 13. Qxc4 {An unusual decision allowing e6-e5. On the other hand, White prevents ...b7-b6 followed by ...c8-b7 and ...c6-c5 so the position remains asymmetrical.} e5 14. O-O exd4 15. Nxd4 {We have a typical quiet position with the open d-file. It is approximately equal but not yet drawn - just made for Magnus Carlsen!} Nf6 (15... Ne5 16. Qc5 Re8 17. Qxe7 Rxe7 18. Rfd1 Bd7 19. b4 Kf8 20. Rc3 Be8 21. Nb3 Rd7 22. f4 Rxd1+ 23. Bxd1 Rd8 24. Be2 Ng6 25. Kf2 Ne7 26. e4 b6 27. Bf3 f6 28. Ke3 $14 {/= 1/2 (55) Nanu,C (2515)-Nikolov,S (2409) Sunny Beach 2010}) (15... Nb6 16. Qc5 (16. Qb3 $5) 16... Re8 17. Qxe7 Rxe7 18. Rfd1 Be6 19. a3 g6 20. Nxe6 Rxe6 21. Rd4 Kf8 22. Rcd1 Ree8 23. Kf1 Ke7 24. Re4+ {1/2 (24) Del Rio de Angelis,S (2484)-San Segundo Carrillo,P (2509) Leon 2012}) 16. b4 ({White obtained a tiny plus in the following game:} 16. Bf3 Re8 17. Rfd1 Bd7 18. a4 a5 19. Qb3 Bg4 20. Bxg4 Nxg4 21. h3 Nf6 22. Nf5 Qe6 23. Qxe6 Rxe6 24. Nd6 Re7 25. Nc4 $14 {1-0 (83) Melkumyan,H (2628)-Esen,B (2555) Plovdiv 2012}) 16... Bd7 $146 (16... Be6 $5 17. Nxe6 Qxe6 18. Qxe6 fxe6 {was recommended by IM Maxim Notkin but White can still fight on, say, after} 19. a4 {with a minority attack.}) ({RR} 16... Be6 17. Nxe6 Qxe6 18. Qxe6 fxe6 19. a4 Rac8 20. Rc2 Nd5 21. Rb1 Kf7 22. h4 Ke7 23. Bf3 Rc7 24. Rc4 Rfc8 25. Rd1 Nf6 26. Rdc1 Nd5 27. Kf1 b5 28. Rg4 Kf7 29. Ra1 Rb8 30. Rd4 Kf6 31. e4 {Kuljasevic,D (2555)-Mons,L (2504) Austria 2017 0-1 (60)}) 17. Rfd1 Rfe8 18. Qc5 g6 19. a4 Qxc5 20. bxc5 a5 21. Nb3 (21. Rd2 $5 {[%cal Yd2b2] M.Notkin}) 21... Re5 22. Rd4 Kf8 23. Kf1 Ke7 24. Bc4 g5 25. h3 b5 $6 {Hardly a good idea. Black trades White's only weakness and remains with pawn ruins on the queenside.} (25... h5 $5 26. Ke2 g4) 26. cxb6 Rb8 27. f4 $5 {A nice pawn sacrifice.} Rxe3 28. Nc5 {[%csl Gc5]} (28. Nxa5 Rxb6 29. fxg5 c5 30. Rd3 Rxd3 31. Bxd3 hxg5 32. Rxc5 g4 33. hxg4 Bxa4 $11) (28. fxg5 $5 hxg5 29. Nxa5 Re5 (29... Rxb6 30. Bd3 $1 {[%cal Ra5c4]}) 30. Nb3 c5 31. Rxd7+ Nxd7 32. a5 $14) 28... Rxb6 29. Kf2 gxf4 30. Rxf4 Re5 31. Rxf6 Be8 {An unnecessary tactical trick.} (31... Rb2+ 32. Kf3 Rxc5 33. Rxf7+ Kd8 (33... Kd6 34. Rd1+ Ke5 35. Re7+ Kf6 36. Re4 $14) 34. Rd1 Rxc4 35. Rdxd7+ Kc8 {looks very dangerous for Black but, surprisingly, there is no decisive blow, e.g.} 36. Rc7+ Kb8 $1 (36... Kd8 $2 37. Ra7 Ke8 38. Rh7) 37. Rce7 Ka8) 32. Rf4 $1 Rxc5 33. Re4+ Kf8 34. Rxe8+ Kxe8 35. Bxf7+ Kxf7 36. Rxc5 {[%mdl 4096] This rook endgame is very subtle; the line between a draw and White's win is very thin.} Rb4 {It looked more logical to give a couple of checks to force White's king out of the centre:} (36... Rb2+ 37. Kg3 Rb3+ {; however, the king goes forward:} 38. Kh4 $1 Rb4+ 39. g4 Rxa4 40. Rxc6 Kg7 41. Kh5 $18 {M.Notkin}) 37. Rxa5 c5 38. Ke3 Rd4 39. Ra6 Kg7 $6 (39... h5 $5 40. Rh6 (40. a5 Ra4) 40... Rxa4 41. Rxh5 Ra3+ 42. Kf4 c4 43. Rc5 c3 44. h4 Ra2 45. g4 c2 46. g5 (46. h5 Ra4+ 47. Kg3 Ra3+ 48. Kh4 Ra2 {is a theoretical draw}) 46... Ke6 47. Kg4 Kd6 48. Rc8 Ra4+ 49. Kh5 Ra2 {, and White apparently can't make progress}) 40. a5 Ra4 41. g4 h5 (41... Ra3+ 42. Ke4 Rxh3 43. Kd5 c4 (43... h5 44. gxh5 Rxh5+ 45. Kc4 Rh4+ 46. Kb5) 44. Kxc4 h5 45. gxh5 Rh4+ 46. Kc5 Rxh5+ 47. Kb6 Rh6+ 48. Kb7 Rh5 49. Ra7 $1 $18 {M.Notkin}) 42. gxh5 Ra3+ 43. Ke4 c4 44. Kd4 c3 (44... Rf3 45. h6+ Kh7 46. Rc6) 45. Kd3 Kh7 46. h6 $2 (46. Kc2 $1 {was necessary. It is essential for White not to allow Black's rook to control the a-pawn from the side.} Kg7 47. h6+ Kh7 48. h4 Kh8 49. Ra7 Kg8 50. a6 Kh8 51. h5 $22 Kg8 52. Rg7+ Kh8 53. a7 Ra2+ 54. Kb3 $18) 46... Rb3 $3 {Miraculously, this move now saves the game.} 47. Kc2 (47. Rc6 {(b6, d6 etc.)} Ra3 48. a6 Kg8 {No zugzwang is possible now, and White can't make progress.}) 47... Rb5 48. Kxc3 Rf5 {The so-called Vancsura setup. Despite 3 extra pawns, the position is drawn.} 49. Ra8 Rb5 50. Kc4 Rf5 {The f-file is the most appropriate position for Black's rook.} 51. Kb4 Rf4+ 52. Kc5 Rf5+ 53. Kd4 Rb5 54. Ke4 Rc5 55. Ra6 Rb5 56. h4 Rc5 57. Kd4 Rb5 58. Kc4 Rf5 59. Kb4 Rf4+ 60. Kc5 Rf5+ 61. Kb6 Rf6+ {Black pushes White's king away as it is approaching the a-pawn.} 62. Kb7 Rf7+ 63. Kc8 Rf8+ 64. Kd7 Rf5 65. Ra8 Rd5+ 66. Ke6 Rb5 67. Kf6 Rc5 68. Ra7+ Kxh6 69. Kf7 Rb5 70. a6 Rb6 71. Kg8 Rb8+ 72. Kf7 Rb6 73. Ke7 Kg6 74. Kd7 Rf6 75. Ra8 Kg7 76. Kc7 Rf7+ 77. Kd6 Rf6+ 78. Ke5 Rb6 79. Ra7+ (79. a7 Ra6 $11) 79... Kg6 80. h5+ Kh6 81. Kf5 Rc6 82. Re7 Rxa6 83. Re6+ Rxe6 84. Kxe6 Kxh5 1/2-1/2

[Event "World-ch Carlsen-Anand +3-1=7"]
[Site "Sochi"]
[Date "2014.11.08"]
[Round "1"]
[White "Anand, Viswanathan"]
[Black "Carlsen, Magnus"]
[Result "1/2-1/2"]
[WhiteElo "2792"]
[BlackElo "2863"]
[Annotator "Marin,Mihail"]
[PlyCount "95"]
[EventDate "2014.11.08"]
[EventType "match"]
[EventRounds "12"]
[EventCountry "RUS"]
[SourceTitle "CBM 164"]
[Source "ChessBase"]
[SourceDate "2015.01.15"]
[SourceVersion "1"]
[SourceVersionDate "2015.01.15"]
[SourceQuality "1"]

1. d4 Nf6 2. c4 g6 3. Nc3 d5 4. cxd5 Nxd5 5. Bd2 {The opening could not have come as a complete surprise to either one of the players, even though it does not belong to their main lines. Carlsen has played the Grünfeld over the past years only occasionally and did not try it in 2014 at all! At the same time, Anand has tried a wide range of systems against the Grünfeld, the most popular being the Russian Variation (as in game 10) and the normal (5.e4) Exchange Variation.} Bg7 6. e4 Nxc3 7. Bxc3 O-O 8. Qd2 Nc6 $5 {Even in such a heavily analysed opening as the Grünfeld, Carlsen finds a way of deviating from the main theoretical discussion. But this is not really such a miracle, since this is a very flexible opening with practically unlimited possibilities for improvising.} ({It would have made little sense checking Anand's preparation after, say,} 8... c5 9. d5 Bxc3 10. bxc3 e6 11. d6 e5 12. h4 Be6 {when the former World Champion had delivered a very powerful novelty in a game against Carlsen's countryman:} 13. Nh3 $1 $146 {Anand,V (2783)-Hammer,J (2608) Stavanger 2013 CBM 155 [Krasenkow,M] (1-0, 45)}) 9. Nf3 {The most natural way of defending the central pawn, even though it allows Black to develop freely on the next move.} (9. Ne2 {as tried in Hambleton,A (2583)-Berson,J (2021) Portugal Cove 2013 (1-0, 26) avoids ...g4 but places the knight on a not very active square. Black could obtain good counterplay with} e5 {(not the only move, most surely)} 10. d5 Nd4 $1 11. Nxd4 exd4 12. Bxd4 Qh4 13. Bxg7 (13. Qe3 Re8 14. Bd3 Bf5 $11) 13... Qxe4+ 14. Qe2 Qxe2+ 15. Bxe2 Kxg7 16. Rc1 {The backward pawn should not offer Black too many problems since White is behind in development.} Bf5 17. Rxc7 Rac8 18. Rxc8 Rxc8 {[%cal Gf5e4,Gc8c1]}) ({Without kingside development, the radical advance} 9. d5 {is not likely to yield too much:} Ne5 10. Be2 (10. f4 Ng4 11. Bxg7 Kxg7 12. Nf3 c6 $32 {Ushenina,A (2501)-Lagno,K (2543) Beijing 2013 (0-1, 37)}) 10... c6 11. Nf3 Nxf3+ 12. Bxf3 Bxc3 13. Qxc3 cxd5 14. exd5 e6 $11 {Gleizerov,E (2536)-Ulibin,M (2498) Las Palmas 2014 (½-½, 18)}) 9... Bg4 10. d5 {The only reasonable continuation.} (10. O-O-O $6 e5 11. d5 Nd4 $15) 10... Bxf3 11. Bxg7 $5 $146 {Strictly speaking, this looks like a concession since White would be interested in provoking ...xc3, bxc3 with a strengthening of his centre. But Anand had a concrete idea in mind, which worked reasonably well, at least from the opening point of view.} ({If} 11. gxf3 Ne5 12. O-O-O ({Defending the pawn is not necessary.} 12. Be2 {wastes an important tempo and has led to comfortable play for Black in a few games, the latest being:} c6 13. f4 Nd7 14. Bxg7 Kxg7 15. dxc6 bxc6 {Moiseenko,A (2707)-Nepomniachtchi,I (2714) Yaroslavl 2014 (0-1, 38)}) 12... c6 ({Even with bishops on the board, the pawn is taboo:} 12... Nxf3 $2 13. Qf4 $18) 13. f4 Ng4 14. Bxg7 Kxg7 $11 {[%cal Gg4f6]}) 11... Kxg7 12. gxf3 Ne5 13. O-O-O c6 {This hurried undermining of the centre offers White the possibility of setting up some pressure.} (13... Nxf3 $2 14. Qc3+) ({Black could have avoided the weakening of his kingside with} 13... Qd6 $5 14. Be2 (14. Qc3 $6 Qf6 15. Be2 c6 $15 {leaves the white centre immobile and vulnerable.}) 14... c6 $132) 14. Qc3 $1 f6 {[%csl Ge6]} 15. Bh3 $14 {This bishops cuts like a blade, preventing Black from obtaining rapid counterplay. In the long run, the kingside weaknesses may tell. On the other hand, the position remains double-edged strategically. Should White allow some exchanges, he would risk landing into a bad ending, due to his numerous pawn weaknesses.} (15. dxc6 $6 Qb6 16. cxb7 $6 Rab8 $15 17. f4 $2 Rxb7 $19 {[%cal Gf8c8,Rb7c7]}) 15... cxd5 {True to his style, Carlsen clears up matters in the centre at the first given occasion.} ({The long plan of transfering the knight to d4 (!) is interesting but probably not entirely sound:} 15... Qb6 $5 16. f4 (16. d6 exd6 17. Rxd6 Rad8 18. Rhd1 Rxd6 19. Rxd6 Qxf2 $19) 16... Nf7 {[%csl Gf2]} 17. f3 $1 (17. Rd2 Nd6 {[%csl Ge4] gains an important tempo for developing the counterplay.} 18. Qd3 cxd5 19. exd5 f5) (17. dxc6 bxc6 18. Rd7 Qxf2 19. Rf1 Qe2 20. Rxe7 Rae8 $132) 17... Nd6 (17... cxd5 18. exd5 Nd6 19. Kb1) (17... Rad8 18. Kb1 Nd6 19. a4 $1 {[%csl Gb5]} cxd5 20. Rxd5 Nf7 21. Bd7 Nd6 22. a5 Qf2 23. Be6 $14) 18. Kb1 (18. a4 $2 cxd5 $17) 18... Nb5 19. Qb3 c5 20. Rc1 Nd4 21. Qe3 (21. Qd3 Qd6 22. Qe3 f5 23. exf5 gxf5 24. Rhe1 Rf7) (21. Qc4 Nxf3 22. Qc3 Nd4 23. Qxc5 Ne2 24. Qxb6 axb6 25. Rc7 Nxf4 26. Bd7 f5 27. Rxb7 fxe4 $132) 21... Qd6 22. f5 g5 23. Rhg1 Qxh2 (23... Kh8 24. Bg4 $36 {[%cal Gh2h4,Gg4h5,Gh5g6]}) 24. Bf1 b6 25. f4 h6 26. Bd3 $44) 16. exd5 Nf7 $2 {But this is too straightforward an attempt to stabilise the position. True, the d6-square is important, but does not justify abandoning the central e5-square.} (16... Qd6 $5 17. Kb1 Rad8 18. f4 (18. Rhe1 Rfe8 19. f4 Nf7 20. Rd4 e5 21. fxe5 Rxe5 22. Rxe5 fxe5 $11) 18... Nf7 19. Rd4 e5 20. fxe5 fxe5 21. Rd2 {may offer White some chances for the initiative. If compared with the similar subline above, all major pieces are on the board, making Black's position less stable.}) (16... a5 17. f4 Nf7 18. Kb1 a4 {would transpose below.}) ({RR} 16... Qd6 17. Rhe1 g5 18. Kb1 b5 19. Bf5 b4 20. Qe3 Kh8 21. h4 b3 22. axb3 gxh4 23. f4 Ng6 24. Bxg6 hxg6 25. Rd4 Rf7 26. Qh3 Rh7 27. Re6 Qc5 28. Rd2 Rc8 29. Re1 Rc7 30. d6 exd6 31. Qe6 {Aditya,M (2570)-Vlachos,A (2459) chess.com INT 2025 0-1 (43)}) 17. f4 $2 {This wastes a tempo, exposes the f-pawn and obstructs the c1-h6 diagonal. On top, after the knight has retreated, it does not achieve anything constructive.} (17. Kb1 $5 Qd6 (17... a5 18. Be6 a4 19. h4 a3 20. b3 Qd6 21. Qd2 $36 {[%cal Gh4h5,Gd2h6]}) 18. Be6 Nd8 (18... Ng5 19. Bg4 { h4}) (18... Rad8 19. h4 $36) 19. Rhe1 $5 Re8 (19... Qxh2 20. Rh1 Qf4 21. Qa3 Qd6 22. Qe3 $16) 20. Bc8 $1 $36 {[%cal Gh2h4,Gh4h5] A nice move paralysing the black queenside and clearing the path of the h-pawn for the attack.}) 17... Qd6 {It is not clear yet which piece is best suited for the occupation of this square.} ({Since the black rooks do not have any future on the open c-file, it would have made sense to get some space on the queenside:} 17... a5 $5 18. Kb1 a4 19. Be6 (19. a3 b5 $1 {[%cal Ga8b8,Gd8d6,Gb5b4]}) 19... Qd6 20. Rd4 a3 21. b3 Nd8 22. Bg4 b6 {[%csl Ra5][%cal Ga8a5,Ga5c5]} 23. h4 Ra5 {[%csl Gd5]} 24. Qd2 f5 25. Bf3 h5 (25... Nf7 26. Re1 {[%csl Ge6]}) 26. Rg1 {Black is under certain pressure but since White does not have any pawn breaks it looks like the position is statically equal. One more detail is that the white king is not entirely safe either.} Kh7 (26... Kh6 {is also possible:} 27. Qd1 Rc5 28. Bxh5 gxh5 29. Rg5 {Things look dangerous but} Kh7 $8 {saves the day.} 30. Rxh5+ Kg7 31. Rg5+ Kh7 $11) 27. Re1 Ra7 28. Rc4 Qf6 $13) 18. Qd4 (18. Rd4 {can be met with the paradoxical} f5 $3 {[%csl Rh3]} (18... Rad8 19. Be6 $14) 19. Re1 (19. Re4+ $2 Kg8 $19 {[%csl Gd5][%cal Ga8c8]}) 19... Kg8 20. Kb1 Rac8 21. Rc4 Rxc4 22. Qxc4 Qf6 { ...d6 with excellent play for Black.}) 18... Rad8 $146 ({RR} 18... Rfd8 19. Rhe1 Kf8 20. Be6 Qb6 21. Qd2 Rd6 22. f5 Ng5 23. fxg6 hxg6 24. h4 Nxe6 25. Rxe6 Rc8+ 26. Kb1 Rxe6 27. Qh6+ Kf7 28. Qh7+ Kf8 29. Qxg6 Qd6 30. Qh6+ Kf7 31. Qh5+ Kf8 32. Qh8+ Kf7 33. Qxc8 {Nyzhnyk,I (2612)-Hilby,C (2380) Philadelphia 2017 1-0 (37)}) 19. Be6 {It is important to block the e7-pawn.} (19. Rhe1 e5 $1 20. fxe5 Nxe5 21. Re3 (21. f4 Nf3) 21... Nc6 22. dxc6 (22. Qa4 Nb4 23. Be6 Rfe8 24. Kb1 Qf4 $1 $11 25. a3 $140 $2 Nxd5 $17) 22... Qxd4 23. Rxd4 Rxd4 24. cxb7 f5 25. Re7+ Kf6 26. Rxh7 Rfd8 $132) 19... Qb6 20. Qd2 $6 {This allows Black to solve all his problems.} ({Anand might have avoided the queen exchange for psychological reasons, since the endgame is supposed to be Carlsen's chosenterritory, but the only way to keep the pressure was:} 20. Qxb6 axb6 21. Kb1 Nd6 22. Rc1 f5 23. Rc7 Kf6 24. Bd7 {[%cal Gh1e1]} Ne4 25. Rxb7 (25. Re1 $6 Nc5 26. Be6 Rd6 $15 {[%csl Ge6]}) 25... Rb8 26. Rc7 Nxf2 27. Re1 Ne4 28. b4 Rfd8 29. Kb2 h6 30. h4 $14 {[%cal Ga2a4,Gb2b3] White's queenside initiative is rather threatening. For Black, creating a kingside passed pawn with ...g5 would imply big risks for his king.}) 20... Rd6 21. Rhe1 Nd8 {Everything fits well in Black's position and suddenly, White loses his stability in the centre.} 22. f5 (22. Bh3 e6) 22... Nxe6 23. Rxe6 Qc7+ $6 {A bit too timid at a favourable moment.} ({It might have been better to use the c-file for a well-timed check with the rook while eliminating completely White's pressure along the e-file:} 23... Rxe6 $5 24. fxe6 (24. dxe6 Rc8+ 25. Kb1 Qc5 26. fxg6 hxg6 {[%cal Gc8c6]}) 24... Rc8+ 25. Kb1 Qd6 {with chances for reaching a better ending due to White-s weakened structure.}) 24. Kb1 Rc8 (24... Rxe6 25. dxe6 Qc5 26. Qc2 $11) 25. Rde1 Rxe6 26. Rxe6 Rd8 27. Qe3 Rd7 $11 {White's pressure along the e-file should now compensate for the structural defects. But as in an earlier comment, it is worth keeping in mind that the endings could be unpleasant for White.} 28. d6 exd6 29. Qd4 Rf7 30. fxg6 hxg6 31. Rxd6 a6 32. a3 Qa5 33. f4 Qh5 34. Qd2 Qc5 35. Rd5 Qc4 36. Rd7 Qc6 ({If} 36... Rxd7 37. Qxd7+ Qf7 38. Qd6 {the activity of the white queen compensates for the structural problems.}) 37. Rd6 (37. Rxf7+ Kxf7 {would leave the white pawns exposed to a possible king invasion on the light squares.}) 37... Qe4+ 38. Ka2 Re7 {So far Anand has kept things level, but his next two moves give up the centralising, offering Black some chances to take over the initiative.} 39. Qc1 $6 (39. Rd4) 39... a5 40. Qf1 $6 a4 $15 41. Rd1 Qc2 42. Rd4 (42. Qf3 $5 {[%csl Ge3]}) 42... Re2 $6 {Missing the last chance.} (42... Re3 $1 {[%cal Ge3a3,Ga2a3,Rc2b3] with the brutal threat of 43...xa3!+ 44.xa3 b3 mate!} 43. Qd1 (43. Ka1 Rxa3+ 44. bxa3 Qc3+ {[%csl Rd4]}) (43. Rd7+ Kh6 {[%cal Gb7b5]} 44. Rxb7 Rb3 45. Rxb3 axb3+ 46. Ka1 Qxh2 $17 {[%csl Ra1][%cal Gg6g1]}) 43... Qxd1 44. Rxd1 Kh6 $15 {Black is better on both wings and White would face an unpleasant defensive task... even though all rook endings are drawn! Actually the first match proved not all of them are...}) 43. Rb4 {White has finally reached absolute stability and is out of any danger.} b5 44. Qh1 $1 Re7 45. Qd5 Re1 46. Qd7+ Kh6 47. Qh3+ Kg7 48. Qd7+ 1/2-1/2